| 000 | 00599nam a2200157 4500 | ||
|---|---|---|---|
| 008 | 0 2001 0ain 000 0MEX | ||
| 020 | _a968-6708-22-7 | ||
| 050 | _aTJ163.2 S498 2001 | ||
| 082 | _a621.402.8 S773p | ||
| 100 | _aSeverns, W. H. | ||
| 245 | _aLa producción de energía mediante el vapor de agua, el aire y los gases / W. H. Severns, H. E. Degler, J. C. Miles | ||
| 260 | _aMéxico : Reverté | ||
| 300 | _a503 p. / 22 cm. | ||
| 650 | _a1.TERMODINAMICA \ 2.FUERZA Y ENERGIA-PRODUCCION \ 3.GENERADORES Y CALDERAS DE VAPOR | ||
| 700 | _aDegler, H. E. Coaut. \ Miles J. C. Coaut. | ||
| 999 |
_c13009 _d13009 |
||